Statistics for Airlines operating the Kangaroo route

Click here to take the quiz!

General Stats

  • This quiz has been taken 3,063 times
  • The average score is 17 of 23

Answer Stats

Stopover atAirline% Correct
DubaiEmirates
96%
BangkokThai Airways International
91%
TaipeiChina Airlines
89%
DohaQatar Airways
89%
SingaporeSingapore Airlines
89%
Kuala LumpurMalaysia Airlines
87%
SeoulKorean Air
86%
Abu DhabiEtihad Airways
84%
Hong KongCathay Pacific
82%
TokyoJapan Airlines
82%
DelhiAir India
80%
Ho Chi Minh CityVietnam Airlines
80%
DubaiQantas
78%
BeijingAir China
76%
GuangzhouChina Southern Airlines
76%
ShanghaiChina Eastern Airlines
72%
ManilaPhilippine Airlines
67%
JakartaGaruda Indonesia
66%
SingaporeBritish Airways
63%
SeoulAsiana Airlines
59%
TaipeiEVA Airways
59%
Bandar Seri BegawanRoyal Brunei Airlines
46%
Port LouisAir Mauritius
41%

Score Distribution

Percentile by Number Answered

Percent of People with Each Score

Your Score History

You have not taken this quiz